000 00869nac a22002051u 4500
008 100831t xxu||||| |||| 00| 0 eng d
010 _a97014623
020 _a0201422913 (alk. paper)
082 0 0 _a004.22
_bS5882
100 _aSima, D.
_917738
245 1 0 _aAdvanced computer architectures :
_ba design space approach /
_cSima, Fountain, Kacsuk.
260 _aReading, Mass :
_bAddison-Wesley,
_c1997.
300 _a766 p. :
_bill. ;
_c28 cm.
504 _aIncludes bibliographical references and index.
650 0 _aComputer architecture.
_917739
700 1 _aFountain, T.J.
_q(Terry J.)
_917740
700 1 _aKacsuk, PeÌ?ter.
_917741
942 _cBB
_k004.22S5882
_2ddc
999 _c605
_d605